000 00348nam a2200109Ia 4500
008 200626s9999 xx 000 0 und d
020 _a0-642-24829-X
100 _aGosney, Robin
245 _cRobin Gosney, Joan Keay.--
_aThe australian lamb kitchen manual/
260 _aSydney:
_bThe Australian Meat and Live-stock Corporation
300 _a111 pages
999 _c363915
_d363915